banner-ar

تاريخ الفلسفة والعلم فى اوربا الوسيطية / (Record no. 39635)

MARC details
000 -الفاتح
حقل البيانات ثابتة الطول 00901nam a2200265Ia 4500
008 - عناصر البيانات ثابتة الطول - معلومات عامة
حقل البيانات ثابتة الطول 140319s9999 xx 000 0 ara d
040 ## - مصدر الفهرسة
وكالة الفهرسة الأصلية GCL /
وكالة النسخ GCL
082 04 - رقم تصنيف ديوى العشرى
رقم التصنيف 188
رقم المادة ج ت
100 1# - المدخل الرئيسى - إسم شخصى
الإسم الشخصى على مقلد
245 10 - بيان العنوان
العنوان تاريخ الفلسفة والعلم فى اوربا الوسيطية /
بيان المسئوليه,etc على مقلد
700 1# - المدخل الاضافى - اسم شخصى
الإسم الشخصى جونسون، رونالد ك
700 1# - المدخل الاضافى - اسم شخصى
الإسم الشخصى بوجسوان
700 1# - المدخل الاضافى - اسم شخصى
الإسم الشخصى على زيعور (ترجمة)
300 ## - الوصف المادى
التعداد 296 ص
490 ## - بيان السلسلة
عنوان السلسلة الفلسفة فى العالم والتاريخ
رقم المجلد/ التعيين التسلسلي 0
650 04 - المدخل الاضافى بالموضوع-مصطلح موضوعى
مصطلح موضوعي العلم والحضارة
650 04 - المدخل الاضافى بالموضوع-مصطلح موضوعى
مصطلح موضوعي الفلسفة الغربية
650 04 - المدخل الاضافى بالموضوع-مصطلح موضوعى
مصطلح موضوعي العصور الوسطى
650 04 - المدخل الاضافى بالموضوع-مصطلح موضوعى
مصطلح موضوعي فلسفة العصور الوسطى
650 04 - المدخل الاضافى بالموضوع-مصطلح موضوعى
مصطلح موضوعي الحضارة والعرب
650 04 - المدخل الاضافى بالموضوع-مصطلح موضوعى
مصطلح موضوعي اوربا - تاريخ - العصور الوسطى
650 04 - المدخل الاضافى بالموضوع-مصطلح موضوعى
مصطلح موضوعي الفلسفة - تاريخ
942 ## - عناصر المدخل الإضافي( كوها)
مصدر التصنيف او مخطط الترفيف Dewey Decimal Classification
Koha [default] item type كتاب
Holdings
حالة التراجع حالة الفقد حالة تلف ليس للاعارة المكان المؤقت الموقع الحالى تاريخ الاكتساب اجمالي اﻻعارات رقم الطلب الباركود تاريخ اخر مشاهدة تاريخ تفعيل السعر نوع وعاء كوها
        مكتبة القاهرة الكبرى مكتبة القاهرة الكبرى 03/26/2014   188\ج ت 96800 03/26/2014 03/26/2014 كتاب

Powered By

EGPV